Carregant...

Portable Shakespeare /

Dades bibliogràfiques
Autor principal: Shakespeare
Format: Printed Book
Idioma:English
Publicat: New York : Viking Press, 1972.
Matèries:
LEADER 00499nam a2200145Ia 4500
008 150624b xxu||||| |||| 00| d eng d
082 |a 822.33L 
100 |a Shakespeare 
245 |a Portable Shakespeare /  |c Shakespeare 
260 |a New York :  |b Viking Press,  |c 1972. 
300 |a 780 p. 
650 |v Drama  |x Shakespeare, William. 
942 |c BK 
999 |c 32937  |d 32937 
952 |0 0  |1 0  |4 0  |6 822_000000000000000_33L_POR  |7 0  |9 32936  |a UL  |b UL  |c ST1  |d 1998-09-24  |l 3  |o 822.33L POR  |p 45115  |r 2020-03-04  |s 2020-03-03  |w 2012-10-27  |y BK